| Tag |
First Indicator |
Second Indicator |
Subfields |
| LEADER |
00000cam a2200000 a 4500 |
| 001 |
in00000497321 |
| 005 |
20151013073428.0 |
| 008 |
810730s1979 bg a f00110 engm |
| 010 |
|
|
|a 80908001
|
| 020 |
|
|
|c Tk50.00 ($5.00 U.S.)
|
| 035 |
|
|
|a (OCoLC)07812268
|
| 035 |
|
|
|9 ACE5391AM
|
| 040 |
|
|
|a DLC
|c DLC
|d m.c.
|d TXA
|d UtOrBLW
|
| 049 |
|
|
|a TXAM
|c [000852]
|
| 050 |
0 |
0 |
|a TS1735
|b .A54
|
| 082 |
0 |
|
|a 677/.13
|2 19
|
| 100 |
1 |
|
|a Al-Siddique, F. R.
|
| 245 |
1 |
0 |
|a Abstracts on the chemical aspects of jute fibres /
|c Al-Siddique, F.R., Sheikh, R.A.
|
| 264 |
|
1 |
|a Dacca, Bangladesh :
|b Chemistry Division, Atomic Energy Centre,
|c 1979.
|
| 300 |
|
|
|a 92 pages ;
|c 29 cm.
|
| 336 |
|
|
|a text
|b txt
|2 rdacontent
|
| 337 |
|
|
|a unmediated
|b n
|2 rdamedia
|
| 338 |
|
|
|a volume
|b nc
|2 rdacarrier
|
| 500 |
|
|
|a Includes index.
|
| 650 |
|
0 |
|a Jute fiber
|x Chemistry
|x Abstracts.
|
| 700 |
1 |
|
|a Sheikh, R. A.
|
| 999 |
|
|
|a MARS
|
| 999 |
f |
f |
|s d46485e9-a7d9-351d-ad75-9bb73ce2e31b
|i 8563db80-c6d9-3aae-ae76-3e922db9fd68
|t 0
|
| 952 |
f |
f |
|p ric
|a Texas A&M University
|b Rellis Campus
|c Joint Library Facility
|d Remote Storage
|t 0
|e TS1735 .A54
|h Library of Congress classification
|i unmediated -- volume
|m A14807880775
|
| 998 |
f |
f |
|a TS1735 .A54
|t 0
|l Remote Storage
|